| 000 | 01385nam2a2200241 4500 | ||
|---|---|---|---|
| 001 | rc\2827661 | ||
| 005 | 20260315044753.0 | ||
| 035 | _a(NLR Aleph) 006985768 | ||
| 090 |
_a13570275 _c13570275 |
||
| 100 | _a20110627d1932 u y0rusy50 ca | ||
| 101 | 0 | _arus | |
| 102 | _aRU | ||
| 105 | _aa z ||||| | ||
| 200 | 1 |
_aГеометрические тела: призма и цилиндр, их поверхность и объем _fСост. Финке |
|
| 210 | _d1932 | ||
| 215 |
_a31 с. _cчерт. |
||
| 461 | 0 |
_1001rc\2827660 _12001#$aМатематика$e(Одногодичный курс для ЗСПШ 1 ст.). Тема 12-$fВсеукр. заоч. iн-т масовоï освiти партактиву при ЦК КП(б)У. ВЗIМПО при ЦК КП(б)У. Партшкола ВДОМА$vТема 12 _95577412 _aЗаочная совпартшкола второй ступени (Харьков) _c[Харьков] _d1932 _fВсеукр. заоч. iн-т масовоï освiти партактиву при ЦК КП(б)У. ВЗIМПО при ЦК КП(б)У. Партшкола ВДОМА _nПролетар _o(Одногодичный курс для ЗСПШ 1 ст.). Тема 12- _tМатематика _vТема 12 |
|
| 702 | 1 |
_aФинке _4220 |
|
| 801 | 0 |
_aRU _bNLR _gpsbo |
|
| 801 | 1 |
_aRU _bELAR _2rusmarc |
|
| 852 |
_aNLR _j32-18/904 |
||
| 942 | _cUNSPEC | ||
| 980 | _aNB | ||